000 003930000a22001570004500
001 11519
020 _a84-206-1986-8
041 0 _aSPA
082 0 4 _aG 863 C831r
100 1 _aCortázar, Julio (1914-1984)
245 1 0 _aLos relatos / Julio Cortázar
250 _a4
260 _aMadrid, España : Alianza
505 0 0 _aTomo II : Juegos, 187 Pag. Tomo III : Pasajes, 222 Pag.
942 _cBK
999 _c40787
_d40787